| 000 | 01741nam a2200481 a 4500 | ||
|---|---|---|---|
| 001 | 21333 | ||
| 003 | VRT | ||
| 005 | 20260227133554.0 | ||
| 008 | 240226s2002 xo a slo | ||
| 015 | _aSNBA2006/04-02148 | ||
| 020 |
_a8085258277 _q(viaz.) |
||
| 035 | _aSNK000205150 | ||
| 035 | _aurn:nbn:sk:snk-amkfuz | ||
| 035 | _aurn:nbn:sk:snk-am003snx | ||
| 035 | _a0B81A42A-E328-4887-8215-905F2A2D77A8 | ||
| 039 | 9 |
_a202402261851 _bVLOAD _c201712011111 _dVLOAD _c201602081558 _dVLOAD _c201503091120 _dVLOAD |
|
| 040 |
_aSNK _bslo _cSNK _eAACR2 |
||
| 041 | 0 | _aslo | |
| 044 |
_axo _cSK |
||
| 072 | 7 |
_a641 Kuchárstvo. Potraviny. Varené jedlá _2konspekt |
|
| 080 |
_a641.85 _x(083.12) _22001 |
||
| 080 |
_a(083.12) _21981 |
||
| 080 |
_a641.85 _21981 |
||
| 245 | 0 | 0 |
_aRecepty zo Života _c[z čitateľských receptov zostavili a upravili: Soňa Hodulová a Ivica Ondrejičková ; autor fotografií: Vladimír Horecký] _n6 _pKoláče, zákusky a iné maškrty |
| 250 | _a1. vyd. | ||
| 260 |
_aBratislava _bEuroskop - Ringier _c2002 |
||
| 300 |
_a157 s. _bfareb. fotogr. _c24 cm |
||
| 500 | _aFareb. fotogr. na front. | ||
| 500 | _aZozn. | ||
| 650 | 0 | 7 |
_amúčniky _2SNK |
| 650 | 0 | 7 |
_adezerty _2SNK |
| 650 | 0 | 7 |
_asladké jedlá _2SNK |
| 650 | 0 | 7 |
_atorty _2SNK |
| 655 | 7 |
_apríručky _2SNK |
|
| 655 | 7 |
_akuchárske recepty _2SNK |
|
| 700 | 1 |
_aHorecký, Vladimír _4pht |
|
| 700 | 1 |
_aHodulová, Soňa _4com |
|
| 700 | 1 |
_aOndrejičková, Ivica _4com |
|
| 942 |
_2ddc _cOLDO _n0 |
||
| 949 |
_617A0423176 _9P60, <03>, [BOOK], {603}, -B- _asnkSC 91915/6 _bsnkKSP 5990/2004 _s6100:20140925 |
||
| 949 |
_617A0435047 _9P60, <04>, [BOOK], {604} _asnkSC 91915/6 D1 _bsnkKSP 8359/2004 _oOS |
||
| 999 |
_c21333 _d21333 |
||